LEADER 01056naa a2200205 u 4500 001 000000101632 003 CaOOAMICUS 005 20070226130207.0 008 051216s2004 it u000 u ger u 035 $a11073044 040 $aIAR$bita 100 1 $aSiegert, Folker.$0(OLS)http://pul/name/15407 245 10$a[Recensione :] Denis, A.-M.; Haelewyck, Jean-Claude (u.a.): Introduction à la littérature religieuse judéo-hellénistique /$cFolker Siegert. 260 $aBologna :$bEd. Dehoniane,$c2004. 300 $aS. 211-219 ;$c22 cm 600 14$aHaelewyck, Jean-Claude,$d1952-$tIntroduction à la littérature religieuse judéo-hellénistique.$0(OLS)http://pul/subject/32799 730 0 $aCristianesimo nella storia$g[Spogli].$0(OLS)http://pul/title/7312 773 0 $tCristianesimo nella storia$k25 (2004)$w()5012 996 $6245$a[Recensione :] Denis, A.-M.; Haelewyck, Jean-Claude (u.a.): Introduction à la littérature religieuse judéo-hellénistique$9(OLS)http://pul/title/128537 996 $6260$aBologna :$bEd. Dehoniane$9(OLS)http://pul/publisher/48282 LEADER 01635nam a2200361 a 4500 001 000000149575 003 CaOOAMICUS 005 20160222105701.0 008 160222s1991 sp u000 u spa r 020 $a84-313-1137-1* 032 $aLibriCat 040 $aPUL$bita 100 1 $aOcáriz, Fernando.$0(OLS)http://pul/name/39799 245 13$aEl misterio de Jesucristo : $b(lecciones de cristología y soteriología) /$cF. Ocariz, L.F. Mateo Seco, J.A. Riesta. 260 $aPamplona :$bEdiciones Universidad de Navarra,$c©1999. 300 $a452 p. ;$c22 cm. 490 1 $aBiblioteca de teología. Manuales 504 $aBibliografia in nota. 650 4$aSoteriologia.$0(OLS)http://pul/subject/37217 650 4$aCristologia.$0(OLS)http://pul/subject/1402 700 1 $aRiestra, José Antonio.$0(OLS)http://pul/name/38740 700 1 $aMateo Seco, Lucas Francisco.$0(OLS)http://pul/name/39539 830 0$aBiblioteca de teología (Facultad de Teología. Universidad de Navarra)$pManuales.$0(OLS)http://pul/title/188580 850 $aPUL 852 $aPUL$W1$xDP1 Fondo Bordoni$y120$m3 I 7$j167007$qFondi$B173858$CPULBib$Z2$F173858 $HBor1880 $81 941 1 $a1 960 $aIesus Christus$91402 960 $aIesus Christus$91402 961 $aDedica autografa dell?autore. 996 $6020$a84-313-1137-1*$9(OLS)http://pul/number/159802 996 $6245$aEl misterio de Jesucristo : $b(lecciones de cristología y soteriología)$9(OLS)http://pul/title/188579 996 $6260$aPamplona :$bEdiciones Universidad de Navarra$9(OLS)http://pul/publisher/48150